| 000 | 00406cam a2200145ua 4500 | ||
|---|---|---|---|
| 041 |
_aeng _h |
||
| 082 |
_a632.9 _bPIM/HA |
||
| 100 | _aPimentel, David . | ||
| 245 | 0 | 0 |
_aHandbook of pest management in agriculture, Vol.II / _cDavid Pimentel. _hTextual Documents |
| 260 |
_aNew Delhi : _bC B S Publishers & Distributers , _c1993. |
||
| 300 | _a765 ; . | ||
| 504 | _a | ||
| 942 | _cBK | ||
| 999 |
_c13143 _d13143 |
||